[Event "Zaporozhye Ermak Cup 7th"]
[Site "Zaporozhye"]
[Date "2011.06.28"]
[Round "5"]
[White "Protsiuk, Svetlana"]
[Black "Stolpovsky, Sergei"]
[Result "1-0"]
[WhiteElo "1772"]
[BlackElo "2153"]
[PlyCount "93"]
[EventDate "2011.06.25"]
[EventType "swiss"]
[EventRounds "9"]
[EventCountry "UKR"]
[SourceTitle "CBM 143 Extra"]
[Source "ChessBase"]
[SourceDate "2011.08.29"]
[SourceVersion "1"]
[SourceVersionDate "2011.08.29"]
[SourceQuality "1"]

1. e4 e5 2. Nc3 Nf6 3. f4 d6 4. Nf3 Nc6 5. Bb5 exf4 6. d4 Bd7 7. Bxf4 a6 8. Be2 Be7 9. 0-0 0-0 10. a3 h6 11. Qd3 Na7 12. e5 Nh7 13. Nd5 Be6 14. Qe4 Bxd5 15. Qxd5 dxe5 16. Qxd8 Raxd8 17. Bxe5 Bd6 18. Bxd6 Rxd6 19. c4 Nc6 20. d5 Ne7 21. b4 Ng6 22. Nd4 Re8 23. Bd3 Ne5 24. Rae1 Nf6 25. Be2 Rdd8 26. Nf3 Nfd7 27. c5 Nf6 28. Nxe5 Rxe5 29. Bc4 Rxe1 30. Rxe1 Kf8 31. Rd1 Ng4 32. Rd4 Ne5 33. Bb3 Ke7 34. Kf2 f5 35. h3 g5 36. a4 Nc6 37. dxc6 Rxd4 38. cxb7 Rxb4 39. Bd5 a5 40. Bc6 Rxb7 41. Bxb7 Kf6 42. Ke3 Ke5 43. g3 f4+ 44. gxf4+ gxf4+ 45. Kd3 Kf5 46. Kd4 h5 47. Bc8+ 1-0

[Event "UKR-ch sf"]
[Site "Alushta"]
[Date "2011.05.10"]
[Round "8"]
[White "Bortnyk, Mykola"]
[Black "Stolpovsky, Sergei"]
[Result "1-0"]
[WhiteElo "2302"]
[BlackElo "2153"]
[PlyCount "163"]
[EventDate "2011.05.03"]
[EventType "swiss"]
[EventRounds "9"]
[EventCountry "UKR"]
[SourceTitle "CBM 142 Extra"]
[Source "ChessBase"]
[SourceDate "2011.06.27"]
[SourceVersion "1"]
[SourceVersionDate "2011.06.27"]
[SourceQuality "1"]

1. e4 e5 2. Nf3 Nc6 3. Bb5 a6 4. Ba4 Nf6 5. Qe2 Be7 6. 0-0 d6 7. c3 0-0 8. h3 Bd7 9. Bc2 Qc8 10. d4 Re8 11. dxe5 Nxe5 12. Nxe5 dxe5 13. Nd2 b5 14. Nf3 Bc5 15. Be3 Bxe3 16. Qxe3 Qb7 17. Rfe1 Re7 18. Rad1 Rae8 19. Nh4 Be6 20. Qg3 Rd7 21. Rxd7 Nxd7 22. Rd1 Qc6 23. Bb3 Nf8 24. Bxe6 Qxe6 25. Nf5 g6 26. Rd5 Kh8 27. Nh6 Kg7 28. Ng4 Nd7 29. Qe3 Re7 30. Qh6+ Kg8 31. Rd3 f5 32. exf5 Qxf5 33. Rf3 Qb1+ 34. Kh2 Qxa2 35. Qg5 Qe6 36. h4 Kh8 37. Nh6 e4 38. Rf4 Qe5 39. Qg4 Nf6 40. Qg5 Qxg5 41. hxg5 Nd7 42. Kh3 Kg7 43. Ng4 Re6 44. Kh4 a5 45. Nh6 Re7 46. Ng4 Re6 47. Ne3 c6 48. Nc2 c5 49. Ne3 Nb6 50. Kg3 a4 51. Rh4 b4 52. cxb4 cxb4 53. Rh1 Rd6 54. Rc1 Rd2 55. Rc7+ Rd7 56. Rc6 Rb7 57. Nc4 Nd5 58. Rd6 Ne7 59. Ra6 Nf5+ 60. Kf4 Rc7 61. Ne5 Rc2 62. Ra7+ Kf8 63. Nd7+ Ke8 64. Nf6+ Kd8 65. Nxe4 Rxb2 66. Rxa4 Nd4 67. Ke5 Nb5 68. f4 Kc7 69. g4 Kb6 70. f5 gxf5 71. gxf5 Nc3 72. f6 Nxe4 73. Kxe4 Kb5 74. Ra7 Rf2 75. Rxh7 Kc6 76. Ke5 b3 77. g6 b2 78. Rh1 Re2+ 79. Kf5 Kd7 80. g7 Rg2 81. f7 Rf2+ 82. Ke4 1-0

[Event "UKR-ch sf"]
[Site "Alushta"]
[Date "2011.05.05"]
[Round "3"]
[White "Rakhmangulov, Andrei"]
[Black "Stolpovsky, Sergei"]
[Result "1-0"]
[WhiteElo "2395"]
[BlackElo "2153"]
[PlyCount "119"]
[EventDate "2011.05.03"]
[EventType "swiss"]
[EventRounds "9"]
[EventCountry "UKR"]
[SourceTitle "CBM 142 Extra"]
[Source "ChessBase"]
[SourceDate "2011.06.27"]
[SourceVersion "1"]
[SourceVersionDate "2011.06.27"]
[SourceQuality "1"]

1. d4 Nf6 2. Nf3 g6 3. c3 Bg7 4. h3 0-0 5. Bf4 d6 6. e3 Bf5 7. Bd3 Qd7 8. 0-0 Nc6 9. Qc2 Bxd3 10. Qxd3 e5 11. dxe5 dxe5 12. Qxd7 Nxd7 13. Bg3 Nc5 14. Na3 Rad8 15. Rfe1 Rd7 16. e4 Rfd8 17. Nc4 f6 18. a4 Bh6 19. b4 Nb3 20. Rab1 Nd2 21. Nfxd2 Bxd2 22. Nxd2 Rxd2 23. f3 Rc2 24. Rec1 Rdd2 25. Rxc2 Rxc2 26. Be1 Kf7 27. Rd1 Ke7 28. a5 a6 29. Rd3 Na7 30. g3 Nb5 31. f4 Re2 32. Kf1 Rxe4 33. fxe5 Rxe5 34. g4 Re4 35. Bd2 Na3 36. Be3 Nc4 37. Bc5+ Ke8 38. Kf2 b6 39. axb6 cxb6 40. Bd4 Re6 41. Rd1 a5 42. bxa5 bxa5 43. Ra1 Kd7 44. Ra4 Rc6 45. Ke2 Ke6 46. Ra1 Ra6 47. Kd3 Kd5 48. Rb1 Ne5+ 49. Kc2 a4 50. g5 Nd7 51. gxf6 Nxf6 52. Rb5+ Ke6 53. Kb2 Nh5 54. Ka3 Nf4 55. h4 Nd3 56. h5 Nf4 57. h6 Nd5 58. Rb7 Rc6 59. Rxh7 Nxc3 60. Rb7 1-0

[Event "Zaporozhye Ermak Cup 6th"]
[Site "Zaporozhye"]
[Date "2010.06.27"]
[Round "7"]
[White "Arkhipov, Vladimir"]
[Black "Stolpovsky, Sergei"]
[Result "1/2-1/2"]
[WhiteElo "2127"]
[BlackElo "2187"]
[PlyCount "118"]
[EventDate "2010.06.23"]
[EventType "swiss"]
[EventRounds "9"]
[EventCountry "UKR"]
[SourceTitle "CBM 137 Extra"]
[Source "ChessBase"]
[SourceDate "2010.09.01"]
[SourceVersion "1"]
[SourceVersionDate "2010.09.01"]
[SourceQuality "1"]

1. d4 Nf6 2. c4 g6 3. Nc3 Bg7 4. g3 0-0 5. Bg2 d6 6. e3 c5 7. Nge2 Nc6 8. 0-0 Qc7 9. b3 Bg4 10. h3 Bxe2 11. Nxe2 e5 12. Bb2 Rfe8 13. Rc1 Re7 14. Nc3 exd4 15. Nb5 Qb6 16. exd4 a6 17. dxc5 dxc5 18. Qf3 axb5 19. Bxf6 Bxf6 20. Qxf6 Re6 21. Qb2 Nd4 22. Rce1 bxc4 23. Rxe6 Nxe6 24. Bd5 cxb3 25. axb3 Nd4 26. Re1 Rd8 27. Bg2 Qf6 28. Kh1 b5 29. f4 Kg7 30. Qc3 Ne6 31. Re5 b4 32. Qe3 Rd1+ 33. Kh2 Qd8 34. f5 gxf5 35. Rxf5 Qd4 36. Qe5+ Qxe5 37. Rxe5 Kf6 38. Re3 Rc1 39. Bd5 Rc2+ 40. Kg1 Nd4 41. Kf1 Rc3 42. Kf2 Nf5 43. Rf3 Rxf3+ 44. Kxf3 Nd6 45. Kf4 h6 46. g4 c4 47. bxc4 b3 48. c5 b2 49. Ba2 Nb5 50. c6 Ke7 51. Bb1 Nc3 52. Bc2 b1Q 53. Bxb1 Nxb1 54. c7 Kd7 55. Kf5 Nc3 56. Kf6 Ne4+ 57. Kxf7 Ng5+ 58. Kg6 Kxc7 59. Kxh6 Nxh3 1/2-1/2

[Event "UKR-ch"]
[Site "Alushta"]
[Date "2009.05.12"]
[Round "2"]
[White "Stolpovsky, Sergei"]
[Black "Nyzhnyk, Illya"]
[Result "0-1"]
[WhiteElo "2151"]
[BlackElo "2499"]
[PlyCount "106"]
[EventDate "2009.05.11"]
[EventType "swiss"]
[EventRounds "9"]
[EventCountry "UKR"]
[SourceTitle "CBM 130 Extra"]
[Source "ChessBase"]
[SourceDate "2009.07.02"]
[SourceVersion "2"]
[SourceVersionDate "2009.07.15"]
[SourceQuality "1"]

1. d4 d5 2. c4 dxc4 3. Nf3 Nf6 4. e3 e6 5. Bxc4 c5 6. 0-0 a6 7. Qe2 b5 8. Bb3 Bb7 9. Rd1 Nbd7 10. Nc3 Qc7 11. d5 c4 12. dxe6 fxe6 13. Bc2 Bd6 14. e4 0-0 15. Bg5 Ng4 16. h3 Nge5 17. Nd4 Bc5 18. Be3 Rae8 19. Rac1 Rf7 20. Bb1 Ng6 21. b3 Nf4 22. Qf1 e5 23. Bxf4 Rxf4 24. Nf3 Nb6 25. Ne2 Rf6 26. Ng3 g6 27. Qe2 Rc6 28. Kh1 Ba3 29. Rc2 c3 30. Nf1 Bf8 31. Ne3 b4 32. Rcc1 Bh6 33. Bc2 Kh8 34. Rb1 Bxe3 35. Qxe3 Rf6 36. Re1 Nd7 37. Rbd1 Nc5 38. Ng1 Ref8 39. f3 Rd6 40. Rxd6 Qxd6 41. Rd1 Qc7 42. Ne2 Ne6 43. Qa7 Ra8 44. Qe3 a5 45. Qh6 Bc6 46. Ng3 Nd4 47. Rc1 Qd6 48. Nf5 Nxf5 49. exf5 Qd2 50. Qxd2 cxd2 51. Rg1 Rc8 52. Bd1 gxf5 53. g4 e4 0-1

[Event "UKR-ch sf"]
[Site "Alushta"]
[Date "2008.05.16"]
[Round "6"]
[White "Stolpovsky, Sergei"]
[Black "Melnichuk, Mikhail"]
[Result "0-1"]
[WhiteElo "2095"]
[BlackElo "2279"]
[PlyCount "52"]
[EventDate "2008.05.10"]
[EventType "swiss"]
[EventRounds "9"]
[EventCountry "UKR"]
[SourceTitle "CBM 124 Extra"]
[Source "ChessBase"]
[SourceDate "2008.07.03"]
[SourceVersion "1"]
[SourceVersionDate "2008.07.03"]
[SourceQuality "1"]

1. d4 Nf6 2. c4 e6 3. Nc3 Bb4 4. g3 0-0 5. Bg2 Bxc3+ 6. bxc3 d6 7. Rb1 Nc6 8. Nh3 e5 9. 0-0 h6 10. Ba3 Re8 11. e3 e4 12. Nf4 b6 13. c5 Ba6 14. Re1 Bc4 15. Rb2 dxc5 16. Qa4 b5 17. Qa6 Nb8 18. Qb7 Nbd7 19. dxc5 Ne5 20. Rxb5 Bxb5 21. Qxb5 Qd2 22. Qb1 Rab8 23. Qa1 Red8 24. Rf1 Nc4 25. Bc1 Qc2 26. h3 Rb1 0-1

[Event "UKR-ch qual"]
[Site "Alushta"]
[Date "2007.05.19"]
[Round "9"]
[White "Romanova, Mariya"]
[Black "Stolpovsky, Sergei"]
[Result "1/2-1/2"]
[WhiteElo "2095"]
[BlackElo "2105"]
[PlyCount "147"]
[EventDate "2007.05.11"]
[EventType "swiss"]
[EventRounds "9"]
[EventCountry "UKR"]
[SourceTitle "EXT 2008"]
[Source "ChessBase"]
[SourceDate "2007.11.25"]
[SourceVersion "1"]
[SourceVersionDate "2007.11.25"]
[SourceQuality "1"]

1. e4 e5 2. Nf3 Nc6 3. Bb5 a6 4. Ba4 Nf6 5. 0-0 Be7 6. Re1 b5 7. Bb3 0-0 8. c3 d5 9. exd5 Nxd5 10. Nxe5 Nxe5 11. Rxe5 c6 12. d4 Bd6 13. Re1 Qh4 14. g3 Qh3 15. Qd3 Bg4 16. Be3 Rae8 17. Nd2 Re6 18. Qf1 Qh5 19. Bxd5 cxd5 20. f3 Bh3 21. Qf2 f5 22. f4 Rfe8 23. Nf3 h6 24. Bd2 Re4 25. Ne5 Bg4 26. b4 Rc8 27. a4 Be2 28. h3 Bxe5 29. dxe5 bxa4 30. g4 fxg4 31. h4 g3 32. Qxg3 Rc6 33. Kf2 Rg6 34. Qh3 Rg4 35. Rg1 Rxh4 36. Qe6+ Kh8 37. Qc8+ Kh7 38. Rxg7+ Kxg7 39. Qd7+ Qf7 40. Rg1+ Rg4 41. Rxg4+ Bxg4 42. Qxg4+ Kh7 43. Qc8 Rxf4+ 44. Bxf4 Qxf4+ 45. Kg1 Qxe5 46. Qxa6 Qxc3 47. Qxa4 Qe3+ 48. Kh2 Qf4+ 49. Kg1 d4 50. Qd7+ Kg6 51. Qe6+ Kh5 52. Qh3+ Kg5 53. Qg2+ Kf6 54. Qc6+ Kf5 55. Qd5+ Qe5 56. Qf3+ Ke6 57. Qc6+ Qd6 58. Qe4+ Kf6 59. Qf3+ Ke5 60. Qe2+ Kd5 61. Qb5+ Ke6 62. Qe2+ Kd7 63. Qb5+ Kc7 64. Qa5+ Qb6 65. Qe5+ Kb7 66. Qd5+ Ka6 67. Qc4+ Ka7 68. Qa2+ Qa6 69. Qf7+ Kb6 70. Qf6+ Kb5 71. Qxd4 Qg6+ 72. Kh2 Qb1 73. Qc5+ Ka4 74. Qc6+ 1/2-1/2

[Event "UKR-ch qual"]
[Site "Alushta"]
[Date "2007.05.18"]
[Round "8"]
[White "Stolpovsky, Sergei"]
[Black "Brovko, Anton"]
[Result "1/2-1/2"]
[WhiteElo "2105"]
[BlackElo "2219"]
[PlyCount "73"]
[EventDate "2007.05.11"]
[EventType "swiss"]
[EventRounds "9"]
[EventCountry "UKR"]
[SourceTitle "EXT 2008"]
[Source "ChessBase"]
[SourceDate "2007.11.25"]
[SourceVersion "1"]
[SourceVersionDate "2007.11.25"]
[SourceQuality "1"]

1. d4 d5 2. c4 e6 3. Nf3 c6 4. cxd5 exd5 5. Nc3 Nf6 6. Bg5 Be7 7. e3 Bf5 8. Bd3 Bg6 9. 0-0 Nbd7 10. a3 Ne4 11. Bf4 0-0 12. Qc2 f5 13. b4 Bh5 14. Bxe4 fxe4 15. Nd2 Nf6 16. b5 cxb5 17. Qb3 a6 18. a4 b4 19. Ncxe4 Nxe4 20. Nxe4 Be2 21. Rfc1 Bc4 22. Rxc4 dxc4 23. Qxc4+ Kh8 24. Be5 b5 25. Qd3 Qc8 26. Qd1 bxa4 27. d5 b3 28. Qd4 a3 29. Bxg7+ Kg8 30. Bxf8 Bxf8 31. Nf6+ Kf7 32. Qf4 b2 33. Nh5+ Kg6 34. Qf6+ Kxh5 35. Qf7+ Kh6 36. Qf6+ Kh5 37. Qf7+ 1/2-1/2

[Event "UKR-ch sf"]
[Site "Alushta"]
[Date "2006.05.20"]
[Round "8"]
[White "Stets, Vasilij"]
[Black "Stolpovsky, Sergei"]
[Result "1-0"]
[WhiteElo "2374"]
[BlackElo "2105"]
[PlyCount "91"]
[EventDate "2006.05.13"]
[EventType "swiss"]
[EventRounds "9"]
[EventCountry "UKR"]
[SourceTitle "CBM 112 Extra"]
[Source "ChessBase"]
[SourceDate "2006.07.14"]
[SourceVersion "1"]
[SourceVersionDate "2006.07.14"]
[SourceQuality "1"]

1. e4 e5 2. Nc3 Nf6 3. Bc4 Be7 4. d3 0-0 5. f4 d5 6. Nxd5 Nxd5 7. Bxd5 c6 8. Bb3 Bc5 9. Nf3 exf4 10. Bxf4 Bg4 11. Qd2 Bxf3 12. gxf3 Qh4+ 13. Bg3 Qf6 14. 0-0-0 Qxf3 15. d4 Be7 16. Rhf1 Qh5 17. Rf5 Qg4 18. Rdf1 Nd7 19. Rxf7 Kh8 20. R1f4 Qg5 21. R4f5 Rxf7 22. Rxf7 Re8 23. Qxg5 Bxg5+ 24. Kd1 Re7 25. Bd6 Rxf7 26. Bxf7 g6 27. Be6 Nf6 28. e5 Ne4 29. Bf8 Bf4 30. h3 Ng5 31. Bb3 Nxh3 32. e6 Bg5 33. e7 Bxe7 34. Bxe7 Kg7 35. Ke2 g5 36. Kf3 h6 37. Kg4 Nf4 38. Kf5 Ng2 39. Bf6+ Kh7 40. c4 Ne3+ 41. Ke6 g4 42. d5 g3 43. Bd4 Ng2 44. Bc2+ Kg8 45. d6 Nf4+ 46. Ke7 1-0